| 000 -LEADER |
| fixed length control field |
00864cam a2200277 4500 |
| 005 - DATE AND TIME OF LATEST TRANSACTION |
| control field |
20131010103254.0 |
| 008 - FIXED-LENGTH DATA ELEMENTS--GENERAL INFORMATION |
| fixed length control field |
711007s1971 nyu b 001 0 eng |
| 020 ## - INTERNATIONAL STANDARD BOOK NUMBER |
| International Standard Book Number |
3211809953 |
| 020 ## - INTERNATIONAL STANDARD BOOK NUMBER |
| International Standard Book Number |
0387809953 |
| 035 ## - SYSTEM CONTROL NUMBER |
| System control number |
(NNC)866993 |
| 041 0# - LANGUAGE CODE |
| Language code of text/sound track or separate title |
eng |
| 080 ## - UNIVERSAL DECIMAL CLASSIFICATION NUMBER |
| Universal Decimal Classification number |
164.1 |
| 100 1# - Rafti |
| Rafti |
Rescher, Nicholas. |
| 245 10 - TITLE STATEMENT |
| Title |
Temporal logic / |
| Statement of responsibility, etc |
Nicholas Rescher and Alasdair Urquhart. |
| 260 ## - |
| -- |
New York : |
| -- |
Springer-Verlag ; |
| -- |
1971. |
| 300 ## - |
| -- |
xviii, 273 f. : |
| -- |
24 cm. |
| 490 1# - |
| -- |
Library of exact philosophy ; |
| -- |
3 |
| 500 ## - |
| -- |
General Preface to the LEP/ Mario Bunge f. : [IX] |
| 500 ## - |
| -- |
Preface f. : [XI] - XII |
| 504 ## - BIBLIOGRAPHY, ETC. NOTE |
| Bibliography, etc |
Bibliography: p. [259]-267. |
| 650 #0 - |
| -- |
Logjika simbolike dhe matematike |
| 650 #0 - |
| -- |
Modelet matematike |
| 700 1# - |
| -- |
Urquhart, Alasdair, |
| -- |
author. |
| 830 #0 - |
| -- |
Library of exact philosophy ; |
| -- |
3. |
| 942 ## - ADDED ENTRY ELEMENTS (KOHA) |
| Source of classification or shelving scheme |
|
| Item type |
Books |